Top 100 polskich piosenek rapowych na YouTube - Statystyki

Ogólne statystyki
  • Ten quiz został rozwiązany 72 razy
  • Średni wynik to 47 z 100
Statystyki odpowiedzi
# Główny wykonawca Rok wydania Liczba wyświetleń Tytuł piosenki % Poprawnych
3 Grubson 2009 159 339 440 Na szczycie
95%
6 White 2115 2018 132 699 929 California
90%
1 Tymek 2018 186 457 365 Język ciała
87%
2 Kizo 2021 177 163 821 Disney
82%
11 Paluch 2016 124 267 809 Szaman
77%
39 Mata 2021 90 205 782 Patoreakcja
75%
7 Tymek 2019 131 845 632 Anioły i demony
74%
16 Sobel 2019 120 462 225 Impreza
70%
60 Mata 2019 70 583 865 Patointeligencja
70%
15 Taconafide 2018 121 398 836 Tamagotchi
70%
28 Qbik 2016 99 638 106 4 pory roku
69%
9 Tymek 2019 128 674 055 Rainman
69%
5 Paluch 2013 142 329 394 Bez strachu
67%
4 Smolasty 2021 143 348 982 Duże oczy
67%
31 Mata 2021 95 717 159 Kiss cam
67%
12 Kizo 2023 124 128 628 Taxi
67%
96 Sobel 2021 53 963 894 Bandyta
66%
20 Reto 2018 110 364 028 Ua
66%
24 Sarius 2018 105 319 477 Wiking
66%
22 Guzior 2020 106 454 031 Fala
64%
34 Taconafide 2018 94 188 506 8 kobiet
62%
30 Guzior 2020 98 990 354 Blueberry
62%
14 Deemz 2017 123 502 984 Eldorado
62%
13 Quebonafide 2017 123 511 109 Half dead
62%
33 Reto 2016 94 938 236 Papierosy_rmx
62%
51 Mata 2019 77 174 185 Schodki
62%
36 Mr. Polska 2022 93 729 924 Złote tarasy
61%
42 Young Igi 2018 85 245 102 Bestia
59%
64 Reto 2016 67 795 830 Bossman
59%
25 Otsochodzi 2017 103 629 549 Nie, nie
59%
10 K2 2014 128 058 248 1 moment
57%
23 Quebonafide 2017 105 326 062 Candy
57%
29 Zbuku 2014 99 067 256 Młoda krew
57%
56 Chillwagon 2019 72 479 981 @ (trailer)
57%
26 Reto 2020 99 818 665 Billy Kid
56%
21 Gibbs 2022 107 779 811 Piękny świat
56%
40 Popek 2015 89 037 733 Wodospady
56%
48 Szpaku 2018 78 514 733 Hinata
54%
19 Tymek 2019 111 439 035 Poza kontrolą
54%
67 Otsochodzi 2017 64 930 978 Nowy kolor
52%
37 Wiatr 2020 91 567 813 Testarossa
52%
27 Blacha 2018 99 692 446 Casablanca
51%
46 Guzior 2018 80 051 110 Płuca zlepione topami
51%
77 Gedz 2019 62 183 198 Bali
49%
35 Sobel 2021 94 032 205 Fiołkowe pole
49%
44 Szpaku 2020 82 428 550 #Hot16Challenge2
49%
76 Taconafide 2018 62 798 471 Kryptowaluty
49%
18 Blacha 2018 114 806 553 Mademoiselle
49%
100 Mata 2021 52 985 869 Szafir
49%
43 Gang Albanii 2015 84 048 224 Dla prawdziwych dam
48%
59 PRO8L3M 2018 71 533 926 Ground zero
48%
17 Paluch 2016 115 603 754 Gdybyś kiedyś
46%
41 Ganja Mafia 2015 86 337 337 Mój ziomek
46%
8 Kaen 2014 130 184 587 Zbyt wiele
46%
38 Bedoes 2019 90 861 989 Jesteś ładniejsza niż na zdjęciach
43%
52 Kali 2018 75 635 725 30 kmh
41%
63 Sokół 2018 68 040 806 Chcemy być wyżej
41%
68 Sitek 2016 64 851 718 Chcemy być wyżej
41%
57 SB Maffija 2022 71 734 208 Lawenda
41%
53 Young Igi 2017 75 103 018 Mówiłaś
41%
81 Malik Montana 2019 60 792 754 Robię yeah
41%
78 Alberto 2022 61 784 726 La manga
39%
70 Kabe 2020 64 647 721 Nad ranem
39%
65 Szpaku 2018 66 782 333 Oddajemy krew wampirom
39%
32 Chada 2014 95 175 466 Żyć aż do bólu
39%
94 Malik Montana 2019 54 100 692 Jagodzianki
36%
82 Gibbs 2023 60 352 220 Stan
36%
75 Miyo 2019 63 140 038 Będzie lepiej
34%
92 Quebonafide 2020 54 758 975 Bubbletea
34%
85 Taco Hemingway 2016 59 187 760 Deszcz na betonie
34%
55 Mata 2021 72 815 676 Papuga
34%
47 Smolasty 2022 78 818 096 Pijemy za lepszy czas
34%
61 Bedoes 2017 69 740 605 05:05
33%
91 SB Maffija 2020 54 824 635 A nie pamiętasz jak?
33%
80 White 2115 2019 61 134 072 Mogę dziś umierać
33%
79 PRO8L3M 2016 61 176 079 Molly
33%
54 Zbuku 2013 74 115 376 Do końca
31%
86 Paluch 2017 59 037 734 Kontrola jakości
31%
83 Kartky 2019 59 955 957 Koszmar minionego lata
31%
74 Reto 2018 63 356 843 Sorry dolores
31%
66 Smolasty 2018 65 215 127 Uzależniony
31%
58 Reto 2021 71 708 149 Blask
30%
50 Sobota 2015 77 341 415 Jeszcze będzie hajc
28%
87 Malik Montana 2022 58 324 685 Jetlag
28%
49 Magiera 2021 78 351 190 Drobna zabawa
26%
99 Smolasty 2018 53 047 046 Fake love
26%
84 Gang Albanii 2015 59 288 764 Albański raj
21%
71 Paluch 2018 64 253 776 Balans
21%
89 Paluch 2017 55 259 850 Cardio
21%
69 Qbik 2019 64 714 211 Taka dama
21%
97 Sobota 2015 53 947 707 Przepraszam
20%
90 Shellerini 2019 55 008 611 Restart
18%
45 Sobel 2019 80 455 818 Wyglądasz tak pięknie
18%
88 Popek Monster 2014 57 748 467 Dirty diana
16%
62 Paluch 2017 69 233 288 Dym
16%
72 Sobel 2020 64 187 957 Każdego dnia
13%
93 Kaen 2017 54 237 036 Echo
10%
73 Ganja Mafia 2013 63 575 405 Gdy ujrzałem drogę
10%
95 Kizo 2020 53 969 190 Lucky punch
10%
98 Buka 2015 53 932 357 Obiecuję Ci
10%
Nie znaleziono quizów pasujących do podanych kryteriów
Rozkład punktacji
Procent ludzi z każdym wynikiem
Percentyl według liczby udzielonych odpowiedzi
Twoja historia wyników
Nie rozwiązałeś tego quizu